00478nam a2200145Ia 450000500170000000800460001703700120006304000200007504100130009508400190010824500760012724500450020326000710024830000130031920250508153356.0008 250505s9999 xx 000 0 eng d aTextual aFEDLbengcFEDL aeng2eng a360, NATqFEDL 0aHomemaker services in the United States : Report of the 1959 conference 0cNational Coference on Homemaker Services aChicago bNational Conference on Homemaker Services U. S. A.c1959 axii,257p